| 000 | 00433nam a22001697a 4500 | ||
|---|---|---|---|
| 003 | NUST - PNEC | ||
| 005 | 20170116180934.0 | ||
| 008 | 150906b xxu||||| |||| 00| 0 eng d | ||
| 020 | _a8177585452 | ||
| 040 | _cLIBRARY | ||
| 082 | _a621.317 AHM | ||
| 100 |
_98414 _aAhmed, Ashfaq |
||
| 245 |
_aPower electronic for technology _cAshfa Ahmed |
||
| 260 | _cc.1999 | ||
| 650 |
_98410 _aElectronical Engineering _xEE |
||
| 942 |
_2ddc _cBK |
||
| 999 |
_c65988 _d65988 |
||